000
00345nam a2200157Ia 4500
100
_a
Lathi/ B.P.
250
_a
3
942
_c
BK
654
_a
digital & analog
245
_a
Modern digital & analog comunications systems
260
_b
OUP
_a
Bangalore
_c
1998
082
_a
621.3811
_b
LAT
300
_a
781
546
_a
ENGLISH
999
_c
28580
_d
28580